Statistics for Most Popular Berries

Click here to take the quiz!

General Stats

  • This quiz has been taken 45,290 times
  • The average score is 6 of 12

Answer Stats

# Results Answer % Correct
129,000Strawberry
99%
85,000Blueberry
97%
63,700Blackberry
92%
130,000Raspberry
90%
149,000Cranberry
45%
22,800Gooseberry
40%
39,500Huckleberry
25%
2,630Boysenberry
23%
2,980Elderberry
19%
2,850Mulberry
18%
7,390Lingonberry
16%
1,930Marionberry
7%

Score Distribution

Percentile by Number Answered

Percent of People with Each Score

Your Score History

You have not taken this quiz